World Capitals Closest to Ottawa - One Minute Sprint - Statistics

General Stats
  • This quiz has been taken 34 times
  • The average score is 9 of 20
Answer Stats
km capital miles % Correct
735 Washington 456
97%
3607 Mexico City 2242
90%
2556 Havana 1588
71%
3699 Guatemala City 2298
68%
2274 Nassau 1413
68%
3003 Port-au-Prince 1866
65%
3363 Belmopan 2090
55%
3048 Santo Domingo 1894
55%
3053 Kingston 1897
48%
3840 Managua 2386
42%
3656 Tegucigalpa 2272
39%
3755 San Salvador 2333
35%
3761 Castries 2337
26%
3355 Basseterre 2085
23%
3403 St John's 2115
23%
2562 Nuuk 1592
19%
3611 Roseau 2244
16%
3703 Oranjestad 2301
6%
3763 Willemstad 2338
6%
3267 Philipsburg 2030
3%
No matching quizzes found
Score Distribution
Percent of People with Each Score
Percentile by Number Answered
Your Score History
You have not taken this quiz